|
|
|
|
| LEADER |
00000nam0a2200000 4500 |
| 001 |
252319 |
| 005 |
20231101232734.0 |
| 020 |
|
|
|a RU
|b 83-76526
|
| 035 |
|
|
|a (RuTPU)RU\TPU\book\274650
|
| 090 |
|
|
|a 252319
|
| 100 |
|
|
|a 20140228d1983 m y0rusy5003 ca
|
| 101 |
0 |
|
|a rus
|
| 102 |
|
|
|a RU
|
| 105 |
|
|
|a a z 001zy
|
| 200 |
1 |
|
|a Лекарственные растения
|e растения - целители
|f А. Ф. Гаммерман, Г. Н. Кадаев, А. А. Яценко-Хмелевский
|
| 205 |
|
|
|a 3-е изд., перераб. и доп.
|
| 210 |
|
|
|a Москва
|c Высшая школа
|d 1983
|
| 215 |
|
|
|a 400 с.
|c ил.
|
| 320 |
|
|
|a Библиогр.: с. 391-392.
|
| 320 |
|
|
|a Указатели: с. 393-399.
|
| 606 |
1 |
|
|a Лекарственные растения
|2 stltpush
|3 (RuTPU)RU\TPU\subj\39962
|9 59859
|
| 610 |
1 |
|
|a фитотерапия
|
| 610 |
1 |
|
|a свойства
|
| 610 |
1 |
|
|a поиски
|
| 610 |
1 |
|
|a культурные растения
|
| 675 |
|
|
|a 615.3
|z rus
|v 3
|
| 700 |
|
1 |
|a Гаммерман
|b А. Ф.
|g Адель Федоровна
|4 070
|
| 701 |
|
1 |
|a Кадаев
|b Г. Н.
|g Геннадий Николаевич
|
| 701 |
|
1 |
|a Яценко-Хмелевский
|b А. А.
|g Андрей Алексеевич
|
| 801 |
|
0 |
|a RU
|b RuMRKP
|c 19950704
|g psbo
|
| 801 |
|
1 |
|a RU
|b 63413507
|c 20140228
|
| 801 |
|
2 |
|a RU
|b 63413507
|c 20140717
|g RCR
|
| 942 |
|
|
|c BK
|